| 000 | 00605nam a2200205Ia 4500 | ||
|---|---|---|---|
| 008 | 090201s9999 xx 000 0 und d | ||
| 010 | _aKPL-68023 | ||
| 020 | _a817434..300.9 | ||
| 040 | _bमराठी | ||
| 041 | _aमराठी | ||
| 082 |
_a46037 _b68023 |
||
| 100 | _a शेखर ढवळीकर | ||
| 245 |
_aनकळत सारे घडले _c शेखर ढवळीकर |
||
| 250 | _a1 | ||
| 260 |
_c2005 _bराजहंस प्रकाशन |
||
| 300 | _a123 | ||
| 300 | _bमोठा | ||
| 600 | _aनकळत सारे घडले | ||
| 942 | _cBOOK | ||
| 999 |
_c242925 _d242925 |
||